Predicting coastal erosion based on erosion and land value model

Bibliographic Details
Main Authors: Norhadija Binti Darwin (Author), Azizah Binti Ismail (Author), Khairulnizam Bin M. Idris (Author), Mohd Farid Bin Mohd Ariff (Author), Norhidayah Binti Md. Yunus (Author), Zulkifli Bin Majid (Author)
Format: Book
Language:English
Subjects:

MARC

LEADER 00000cam a2200000 7i4500
001 0000030289
005 20241202.0
008 230728 my a eng
040 |a INS   |b eng   |c INS   |e rda 
090 0 0 |a Research 387   |b 2022 
100 0 |a Norhadija Binti Darwin ,   |e author 
245 1 0 |a Predicting coastal erosion based on erosion and land value model   |c Norhadija Binti Darwin, Azizah Binti Ismail, Zulkifli Bin Majid, Norhidayah Binti Md. Yunus, Mohd Farid Bin Mohd Ariff, Khairulnizam Bin M. Idris. 
264 0 |c 2022 
300 |a vi, 126 pages :   |b illustrations ;   |c 30 cm. 
336 |a text  |2 rdacontent 
337 |a unmediated  |2 rdamedia 
338 |a volume  |2 rdacarrier 
650 0 |a Clay soils   |x Properties. 
650 0 |a Coastal subsoils   |x Properties. 
650 0 |a Soil mechanics   |z Malaysia. 
700 0 |a Azizah Binti Ismail ,   |e author 
700 0 |a Khairulnizam Bin M. Idris ,   |e author 
700 0 |a Mohd Farid Bin Mohd Ariff ,   |e author 
700 0 |a Norhidayah Binti Md. Yunus ,   |e author 
700 0 |a Zulkifli Bin Majid ,   |e author 
999 |a RES0000660   |b BOOK   |c Research By JPPH Staff   |e Default branch 
999 |a RES0000661   |b BOOK   |c Research By JPPH Staff   |e Default branch